Advertising and Promotion Management Sem.- IV ( S.Y.B.B.A. ) (Record no. 370524)

MARC details
000 -LEADER
fixed length control field 00389nam a22001457a 4500
005 - DATE AND TIME OF LATEST TRANSACTION
control field 20260227111320.0
008 - FIXED-LENGTH DATA ELEMENTS--GENERAL INFORMATION
fixed length control field 260227b |||||||| |||| 00| 0 eng d
041 ## - LANGUAGE CODE
Language code of text/sound track or separate title Eng.
100 ## - MAIN ENTRY--PERSONAL NAME
Author Bootwala, S. & KULKArni, P.
245 ## - TITLE STATEMENT
Title Advertising and Promotion Management Sem.- IV ( S.Y.B.B.A. )
250 ## - EDITION STATEMENT
Edition statement 1st ed.
260 ## - PUBLICATION, DISTRIBUTION, ETC.
Place of publication, distribution, etc. Pune
Name of publisher, distributor, etc. Nirali Books
300 ## - PHYSICAL DESCRIPTION
Extent A.4
942 ## - ADDED ENTRY ELEMENTS (KOHA)
Koha item type Books
Holdings
Withdrawn status Lost status Source of classification or shelving scheme Damaged status Not for loan Home library Current library Date acquired Vendor Cost, normal purchase price Bill number Total Checkouts Barcode Date last seen Bill Date Koha item type Original Barcode
    Dewey Decimal Classification     Shri Siddhivinayak Mahila Mahavidyalaya Shri Siddhivinayak Mahila Mahavidyalaya 27/02/2026 Nirali 135.00 P 75710   SSMM-BK-32999 27/02/2026 24/02/2026 Books 010032999
    Dewey Decimal Classification     Shri Siddhivinayak Mahila Mahavidyalaya Shri Siddhivinayak Mahila Mahavidyalaya 27/02/2026 Nirali 135.00 P 75710   SSMM-BK-33000 27/02/2026 24/02/2026 Books 01003300